| 000 | 01018nam a2200289 a 4500 | ||
|---|---|---|---|
| 001 | 79 | ||
| 003 | BD-RjUL | ||
| 005 | 20211208233116.0 | ||
| 008 | 131208r1957 nyu 000 0 eng d | ||
| 035 | _a(BD-RjUL)87 | ||
| 040 |
_aDLC _cDLC _d(BD-RjUL) _beng |
||
| 041 | 1 | _aeng | |
| 082 | 0 | 4 |
_a193 _223 _bKLD 1957 |
| 100 | 1 |
_aKluback, William _d1833-1911. _9272 |
|
| 245 | 1 | 0 |
_aDilthey's Philosophy of existence : _bintroduction to Weltanschauungslehre : translation of an essay / _cwith introd. by William Kluback, Martin Weinbaum. |
| 260 |
_aWestport ; Conn. : _bGreenwood Press, _cc1957 [ Printed 1960 ] |
||
| 300 |
_a74 p. ; _c23 cm. |
||
| 500 | _a"Translated from Gesammelte Schriften, vol. VIII, pp. 75-118." | ||
| 500 | _aReprint of the ed. published by Bookman Associates, New York. | ||
| 504 | _aBibliography: p. 15. | ||
| 650 | 0 |
_aIdeology. _9273 |
|
| 650 | 0 |
_aIdealism. _9274 |
|
| 700 | 1 |
_aWeinbaum, Martin _94998 |
|
| 740 | 0 | _aPhilosophy of existence. | |
| 942 |
_2ddc _cBK |
||
| 999 |
_c79 _d79 |
||